000
00280nam a2200109Ia 4500
008
190919s9999||||xx |||||||||||||| ||und||
100
_a
Vishwamitra Sharma
245
0
_a
Famous Indians of the 20th Century
260
_a
New Delhi
_b
Bantam Books
_c
2001
300
_a
365
942
_c
BK
999
_c
10847
_d
10847